| 000 | 00691nam a2200265 a 4500 | ||
|---|---|---|---|
| 003 | AR-BaBNM | ||
| 005 | 20251128202907.0 | ||
| 008 | 082120s2002 ||||||||||||||000 | spa|| | ||
| 040 | _cAR-BaBNM | ||
| 245 | 0 | 0 |
_aLa Argentina _bsuma de geografía. 3 |
| 260 |
_aBuenos Aires _bPeuser _c1958 |
||
| 300 |
_a369 p. _bil., láms., mapas |
||
| 650 | 4 | _aGEOGRAFIA FISICA | |
| 650 | 4 | _aFITOGEOGRAFIA | |
| 650 | 4 | _aZOOGEOGRAFIA | |
| 650 | 4 | _aGEOGRAFIA | |
| 650 | 4 | _aSUELOS | |
| 650 | 4 | _aCARTOGRAFIA | |
| 650 | 4 | _aCIENCIAS DE LA TIERRA | |
| 650 | 4 | _aGEOFISICA | |
| 700 | 1 |
_aAparicio, Francisco de _edirector |
|
| 700 | 1 |
_aDifrieri, Horacio A. _edirector |
|
| 942 | _cBK | ||
| 998 | _cMariana | ||
| 999 |
_c1083 _d1083 |
||